Loading...
| Fine Arts - Classical Music | 0 | 6 | 1 | 0 | 55 | 39 | 79.00 | 5 | 6 | 0.00 | 0.00 |
| Science - Biology | 0 | 5 | 0 | 1 | 50 | 67 | 89.20 | 4 | 5 | 0.00 | 0.00 |
| Science - Other | 0 | 4 | 0 | 0 | 40 | 65 | 84.00 | 3 | 4 | 0.00 | 0.00 |
| Science - Physics | 0 | 4 | 1 | 2 | 35 | 103 | 117.50 | 0 | 4 | 0.00 | 0.00 |
| Fine Arts - Painting & Sculpture | 0 | 2 | 0 | 0 | 20 | 113 | 132.00 | 0 | 2 | 0.00 | 0.00 |
| Social Science | 0 | 2 | 2 | 1 | 10 | 93 | 107.00 | 0 | 2 | 0.00 | 0.00 |
| History - European | 0 | 1 | 0 | 0 | 10 | 109 | 109.00 | 1 | 1 | 0.00 | 0.00 |
| History - World | 0 | 1 | 0 | 1 | 10 | 132 | 132.00 | 0 | 1 | 0.00 | 0.00 |
| Religion | 0 | 1 | 0 | 0 | 10 | 73 | 73.00 | 0 | 1 | 0.00 | 0.00 |
| Science - Chemistry | 0 | 1 | 0 | 0 | 10 | 106 | 106.00 | 0 | 1 | 0.00 | 0.00 |
| Fine Arts - Other | 0 | 1 | 1 | 1 | 5 | 143 | 143.00 | 0 | 1 | 0.00 | 0.00 |
| Philosophy | 0 | 0 | 0 | 0 | 0 | 0.00 | 0 | 0 | 0.00 | 0.00 | |
| History - Other | 0 | 0 | 0 | 0 | 0 | 0.00 | 0 | 0 | 0.00 | 0.00 |